Statistics for Biggest World Cities That End in O

Click here to take the quiz!

General Stats

  • This quiz has been taken 124 times
    (123 since last reset)
  • The average score is 13 of 30

Answer Stats

PopulationCity% Correct
40.2 milTokyo
99%
22.4 milSão Paulo
91%
21.1 milCairo
81%
7.25 milSantiago
77%
13.2 milRio de Janeiro
76%
7.45 milToronto
74%
9.75 milChicago
71%
7.85 milSan Francisco
71%
3.35 milSan Diego
63%
2.72 milQuito
59%
2.50 milSapporo
58%
3.45 milOrlando
56%
1.54 milPorto
53%
2.22 milSan Antonio
49%
4.00 milSanto Domingo
46%
4.75 milColombo
41%
4.70 milKano
40%
1.86 milMontevideo
39%
2.27 milMaputo
36%
3.52 milBamako
35%
1.91 milAleppo
21%
2.07 milSacramento
18%
2.62 milMaracaibo
16%
6.10 milQingdao
13%
3.52 milZibo
8%
3.27 milNingbo
7%
1.57 milDavao
7%
1.44 milQueretaro
2%
1.39 milDnipro
2%
1.47 milJiaozuo
1%

Score Distribution

Percentile by Number Answered

Percent of People with Each Score

Your Score History

You have not taken this quiz since the last reset